书目信息 |
| 题名: |
压垮世界的泡沫
|
|
| 作者: | 加雷·加勒特 著 ;李思毓 译 | |
| 分册: | ||
| 出版信息: | 北京 北京理工大学出版社 2017 |
|
| 页数: | 219页 | |
| 开本: | 24cm | |
| 丛书名: | ||
| 单 册: | ||
| 中图分类: | F171.244 | |
| 科图分类: | ||
| 主题词: | 经济危机--jing ji wei ji--研究--美国 | |
| 电子资源: | ||
| ISBN: | 978-7-5682-3690-4 | |
| 000 | 00916nam0 22002411 450 | |
| 001 | 0119171343 | |
| 005 | 20170619171343.0 | |
| 010 | @a978-7-5682-3690-4@b精装@dCNY49.80 | |
| 100 | @a20170525d2017 em y0chiy50 ea | |
| 101 | 0 | @achi |
| 102 | @aCN@b110000 | |
| 105 | @ay z 000yy | |
| 106 | @ar | |
| 200 | 1 | @a压垮世界的泡沫@9ya kua shi jie de pao mo@f(美)加雷·加勒特著@g李思毓译 |
| 210 | @a北京@c北京理工大学出版社@d2017 | |
| 215 | @a219页@d24cm | |
| 330 | @a本书写于1931年,加雷·加勒特将1929年大崩盘归咎于债务之山的倒塌.以及美联署全力开动印钞机。这一切扭曲了社会生产结构,危机是对这一扭曲的纠正。所以,泡沫破灭后的答案是什么?让纠正发生,并且从错误中汲取教训。 | |
| 606 | 0 | @a经济危机@9jing ji wei ji@x研究@y美国 |
| 690 | @aF171.244@v5 | |
| 701 | 0 | @c(美)@a加雷·加勒特@9jia lei jia le te@4著 |
| 702 | 0 | @a李思毓@9li si yu@4译 |
| 801 | 0 | @aCN@b百万庄@c20170617 |
| 905 | @b1013127-32@dF171.244@e181@f6 | |
| 压垮世界的泡沫/(美)加雷·加勒特著/李思毓译.-北京:北京理工大学出版社,2017 |
| 219页;24cm |
| ISBN 978-7-5682-3690-4(精装):CNY49.80 |
| 本书写于1931年,加雷·加勒特将1929年大崩盘归咎于债务之山的倒塌.以及美联署全力开动印钞机。这一切扭曲了社会生产结构,危机是对这一扭曲的纠正。所以,泡沫破灭后的答案是什么?让纠正发生,并且从错误中汲取教训。 |
| ● |
| 相关链接 |
|
|
|
|
正题名:压垮世界的泡沫
索取号:F171.244/181
 
预约/预借
| 序号 | 登录号 | 条形码 | 馆藏地/架位号 | 状态 | 备注 |
| 1 | 1013127 | 210131276 | 第一样本阅览室/ [索取号:F171.244/181] | 在馆 | |
| 2 | 1013128 | 210131285 | 教育系资料室/ [索取号:F171.244/181] | 在馆 | |
| 3 | 1013129 | 210131294 | 教育系资料室/ [索取号:F171.244/181] | 在馆 | |
| 4 | 1013130 | 210131301 | 教育系资料室/ [索取号:F171.244/181] | 在馆 | |
| 5 | 1013131 | 210131310 | 第一借阅区/ [索取号:F171.244/181] | 在馆 | |
| 6 | 1013132 | 210131329 | 第一借阅区/ [索取号:F171.244/181] | 在馆 |